Plan de mejoras para las áreas de Motores y culatas en Taller de Torno y Rectificación Francisco Bonilla
La presente propuesta puede ser utilizada como una guía práctica para los talleres de rectificación de motores, ofreciendo herramientas que permitan identificar la fuente de los errores comunes, desarrollar indicadores confiables y plantear las medidas necesarias de acuerdo con los resultados esp...
| Main Authors: | , |
|---|---|
| Other Authors: | |
| Format: | Tesis Section = Libro |
| Language: | Undetermined Spanish |
| Published: |
Managua
UNI
2022
|
| Subjects: |
| LEADER | 01246nam a2200289Ia 4500 | ||
|---|---|---|---|
| 008 | 240830s9999 xx 000 0 und d | ||
| 040 | |a BIBLIOTECA-RUPAP/ Mon 658.812 Ch512 | ||
| 041 | |a spa | ||
| 082 | |a Mon 658.812 Ch512 | ||
| 100 | 1 | |a Chavarria Rivas, Cyndi Cristel | |
| 100 | 1 | |c Chavarria Rivas, Doris María | |
| 245 | 1 | 0 | |a Plan de mejoras para las áreas de Motores y culatas en Taller de Torno y Rectificación Francisco Bonilla |
| 260 | |a Managua |b UNI |c 2022 | ||
| 300 | |a 98 p. :il. | ||
| 500 | |a Contiene: anexos y CD. | ||
| 502 | |a Tesis (Ingeniero Industrial) - UNI, 2022. | ||
| 520 | 3 | |a La presente propuesta puede ser utilizada como una guía práctica para los talleres de rectificación de motores, ofreciendo herramientas que permitan identificar la fuente de los errores comunes, desarrollar indicadores confiables y plantear las medidas necesarias de acuerdo con los resultados esperados. | |
| 650 | 7 | |a CALIDAD DE LOS PRODUCTO | |
| 650 | 7 | |b CALIDAD DEL SERVICIO | |
| 650 | 7 | |c GESTION DE CALIDAD | |
| 650 | 7 | |d SERVICIO DE ATENCION AL CLIENTE | |
| 650 | 7 | |e PLANIFICACION ADMINISTRATIVA | |
| 650 | 7 | |f NORMA ISO | |
| 700 | 1 | |a Tutor: |b Blandino Rayo, Alejandro Antonio | |
| 942 | |c BK |2 ddc | ||
| 991 | |a Tesis | ||
| 999 | |c 27642 | ||